| 000 | 00498nam a22001937a 4500 | ||
|---|---|---|---|
| 003 | MPLRDC | ||
| 005 | 20220104193840.0 | ||
| 008 | 210129b ||||| |||| 00| 0 eng d | ||
| 020 | _a978-986-320-386-5 | ||
| 082 | _a782.886 QBY-2 | ||
| 100 | _a齐邦媛 | ||
| 245 |
_a洄澜 _c |
||
| 250 | _a第一版 | ||
| 260 |
_a台湾 _b远见天下出版股份有限公司 _c2014 |
||
| 300 | _b精 | ||
| 490 | _a风华馆;LC082 | ||
| 650 | _a台湾人物传记--齐邦媛 | ||
| 942 |
_cBK _o782.886 QBY-2 |
||
| 999 |
_c65396 _d65386 |
||